[Event "Roncana op-B 13th"]
[Site "Santa Eulalia de Roncana"]
[Date "2019.10.19"]
[Round "4"]
[White "Sola Montoya, Josep"]
[Black "Karapetyan Hakobyan, Daniel"]
[Result "0-1"]
[WhiteElo "1484"]
[BlackElo "1426"]
[PlyCount "70"]
[EventDate "2019.09.28"]
[EventType "swiss"]
[EventRounds "8"]
[EventCountry "ESP"]
[SourceTitle "CBM 193 Extra"]
[Source "ChessBase"]
[SourceDate "2020.01.31"]
[SourceVersion "1"]
[SourceVersionDate "2020.01.31"]
[SourceQuality "1"]

1. Nf3 Nf6 2. d4 d5 3. e3 e6 4. Bd3 Be7 5. Qe2 0-0 6. Nbd2 b6 7. e4 dxe4 8. Nxe4 Bb7 9. c3 Nbd7 10. 0-0 Nxe4 11. Bxe4 Bxe4 12. Qxe4 Nf6 13. Qe2 c5 14. Bg5 cxd4 15. Nxd4 Nd5 16. Nc6 Qc7 17. Nxe7+ Nxe7 18. Rfe1 h6 19. Bh4 Nf5 20. Qg4 Nxh4 21. Qxh4 Rad8 22. Rad1 Rd6 23. Rxd6 Qxd6 24. g3 Qd7 25. Re4 Qd2 26. Rg4 Qc1+ 27. Kg2 Qd2 28. Qf6 Qd5+ 29. f3 Qd2+ 30. Kh3 g6 31. f4 Qd3 32. Kg2 Qf5 33. Qxf5 exf5 34. Rh4 Kg7 35. g4 Rd8 0-1

[Event "Barcelona Sant Marti op-B 21st"]
[Site "Barcelona"]
[Date "2019.07.19"]
[Round "7"]
[White "Karapetyan Hakobyan, Daniel"]
[Black "May Freixa, Josep"]
[Result "0-1"]
[WhiteElo "1339"]
[BlackElo "1736"]
[PlyCount "64"]
[EventDate "2019.07.13"]
[EventType "swiss"]
[EventRounds "9"]
[EventCountry "ESP"]
[SourceTitle "EXT 2020"]
[Source "ChessBase"]
[SourceDate "2019.10.17"]
[SourceVersion "1"]
[SourceVersionDate "2019.10.17"]
[SourceQuality "1"]

1. c4 e5 2. Nc3 g6 3. g3 Bg7 4. Bg2 c5 5. e3 Nc6 6. Nge2 Nge7 7. 0-0 d6 8. b3 Bf5 9. Bb2 Qd7 10. Ne4 Rd8 11. Bc3 0-0 12. d4 exd4 13. exd4 cxd4 14. Nxd4 Nxd4 15. Bxd4 Nc6 16. Bxg7 Kxg7 17. Qd3 d5 18. Qc3+ d4 19. Qb2 Bh3 20. Rad1 Bxg2 21. Kxg2 Qf5 22. Qb1 d3 23. Rfe1 Nb4 24. Nc3 Nc2 25. Re4 Rd7 26. Rf4 Qe5 27. Nd5 g5 28. Rf3 Qe4 29. Qc1 h6 30. h3 f5 31. Qb2+ Kg6 32. g4 fxg4 0-1

[Event "Barcelona Sant Marti op-B 21st"]
[Site "Barcelona"]
[Date "2019.07.14"]
[Round "2"]
[White "Sanchez Paz, Josep"]
[Black "Karapetyan Hakobyan, Daniel"]
[Result "0-1"]
[WhiteElo "1698"]
[BlackElo "1339"]
[PlyCount "44"]
[EventDate "2019.07.13"]
[EventType "swiss"]
[EventRounds "9"]
[EventCountry "ESP"]
[SourceTitle "EXT 2020"]
[Source "ChessBase"]
[SourceDate "2019.10.17"]
[SourceVersion "1"]
[SourceVersionDate "2019.10.17"]
[SourceQuality "1"]

1. a3 e5 2. c4 g6 3. Nc3 Bg7 4. Nf3 Nc6 5. d3 Nf6 6. Bg5 h6 7. Bd2 0-0 8. Qc1 Kh7 9. e3 d5 10. cxd5 Nxd5 11. e4 Nde7 12. h4 Bg4 13. Nh2 Be6 14. g4 f5 15. h5 f4 16. Nf3 Bxg4 17. hxg6+ Nxg6 18. Ng1 Nd4 19. Nd5 Nb3 20. Qxc7 Qxc7 21. Nxc7 Nxa1 22. Nxa8 Nc2# 0-1

[Event "Barcelona Sant Marti op-B 21st"]
[Site "Barcelona"]
[Date "2019.07.13"]
[Round "1"]
[White "Karapetyan Hakobyan, Daniel"]
[Black "Moyano Barrero, Antonio"]
[Result "0-1"]
[WhiteElo "1339"]
[BlackElo "1758"]
[PlyCount "114"]
[EventDate "2019.07.13"]
[EventType "swiss"]
[EventRounds "9"]
[EventCountry "ESP"]
[SourceTitle "EXT 2020"]
[Source "ChessBase"]
[SourceDate "2019.10.17"]
[SourceVersion "1"]
[SourceVersionDate "2019.10.17"]
[SourceQuality "1"]

1. c4 e5 2. Nc3 f5 3. g3 Nf6 4. Bg2 Be7 5. e3 Nc6 6. Nge2 0-0 7. 0-0 d6 8. d4 a5 9. Nd5 Nxd5 10. Bxd5+ Kh8 11. Bg2 Bf6 12. b3 exd4 13. exd4 Qe8 14. Re1 Qh5 15. Bb2 g5 16. Nc3 Qxd1 17. Raxd1 Bd7 18. Nd5 Bd8 19. Nxc7 Bxc7 20. Bxc6 bxc6 21. Re7 Kg8 22. Rxd7 Rf7 23. Rxf7 Kxf7 24. Re1 Rb8 25. Kg2 Rb7 26. Bc3 d5 27. cxd5 cxd5 28. b4 axb4 29. Rb1 Bd6 30. a3 b3 31. Bb4 Be7 32. Rxb3 Bf6 33. Rd3 g4 34. Bc5 Rb2 35. Rd1 Rc2 36. Ra1 Rxc5 37. dxc5 Bxa1 38. f3 Ke6 39. fxg4 fxg4 40. Kf2 d4 41. Ke2 Kd5 42. Kd3 Kxc5 43. Ke4 Kc4 44. a4 Kb4 45. Kf4 h5 46. Ke4 Kxa4 47. Kd3 Kb4 48. Kd2 Kc4 49. Kc2 d3+ 50. Kd2 Kd4 51. Kd1 Kc3 52. Kc1 Bb2+ 53. Kb1 d2 54. Ka2 Bc1 55. h3 d1Q 56. h4 Qc2+ 57. Ka1 Qb2# 0-1